The Anatomy of Poetry (Record no. 2723)

MARC details
000 -LEADER
fixed length control field 00328nam a22001337a 4500
008 - FIXED-LENGTH DATA ELEMENTS--GENERAL INFORMATION
fixed length control field 250326b |||||||| |||| 00| 0 eng d
020 ## - INTERNATIONAL STANDARD BOOK NUMBER
ISBN 0710090870
100 ## - MAIN ENTRY--AUTHOR
Author Boulton Marjorie
245 ## - TITLE STATEMENT
Title The Anatomy of Poetry
260 ## - PUBLICATION, DISTRIBUTION, ETC. (IMPRINT)
Place of publication Boston
Name of publisher Routledge & Kegan Paul
Date of publication 1979
300 ## - COLLATION
Pagination 253p.
942 ## - ADDED ENTRY ELEMENTS (KOHA)
Item type Books
050 ## - LIBRARY OF CONGRESS CALL NUMBER
Classification number PN 1042
Item number .B68
Holdings
Source of classification or shelving scheme Not for loan Permanent location Current location Date acquired Accession No. Full call number Barcode. Koha item type
Library of Congress Classification   Samuel Ogbemudia Main Library, University of Abuja Samuel Ogbemudia Main Library, University of Abuja 03/26/2025 91/003447 PN 1042.B68 2025-1021 Books